Revolutions of 1848: A Social History (Record no. 815)

MARC details
000 -LEADER
fixed length control field 00327nam a22001217a 4500
008 - FIXED-LENGTH DATA ELEMENTS--GENERAL INFORMATION
fixed length control field 230607b xxu||||| |||| 00| 0 eng d
082 ## - DEWEY DECIMAL CLASSIFICATION NUMBER
Classification number 948.20
Item number ROB
100 ## - MAIN ENTRY--PERSONAL NAME
Titles and words associated with a name Priscilla Robertson
245 ## - TITLE STATEMENT
Title Revolutions of 1848: A Social History
260 ## - PUBLICATION, DISTRIBUTION, ETC. (IMPRINT)
Place of publication, distribution, etc. London
Name of publisher, distributor, etc. Princeton University Press
Date of publication, distribution, etc. 1952
300 ## - PHYSICAL DESCRIPTION
Extent XI,464p
942 ## - ADDED ENTRY ELEMENTS (KOHA)
Source of classification or shelving scheme Dewey Decimal Classification
Koha item type Books

No items available.

LIBRARY OPENING HOURS

When the Parliament is sitting: 8.00a.m - 7.00p.m or until the house adjourns
Mondays and Fridays and when the House is on Recess:  8.00a.m - 5.00p.m
Closed on Weekends and Public Holidays

Online Public Access Catalog (OPAC)
Website: http://www.parliament.go.ke
Bunge Library: https://libraryir.parliament.go.ke
Contact: library@parliament.go.ke | Tel no: (254-2)2221291 or 2848000 Ext 5043